| 000 | 01719nam a22001577a 4500 | ||
|---|---|---|---|
| 041 | _aukr | ||
| 080 | _a09 | ||
| 090 | _bЛОП | ||
| 100 | _aЛопоносова, Т. О. | ||
| 245 | _aПсихолінгвістичні особливості та лексико-стилістичні засоби вираження емоцій в творчості Крістофера Корнера на матеріалі текстів пісень та блогу | ||
| 260 |
_aОстрог _bКАФ _c2014 |
||
| 300 | _a65 | ||
| 520 |
_aВступ.
Розділ І. Етнопсихологічна детермінованість вираження емоцій в англійській мовній картині світу.
1.1. Психолінгвістичні особливості вираження емоцій в англомовному лінгвосоціокультурному просторі
1.2. Особливості лінгвістичного вираження емоцій в англійській мовній картині світу
Розділ ІІ. Емоційні та лексико-стилістичні характеристики англомовного тексту (на прикладі мови блогів та текстів пісень Крістофера Корнера).
2.1. Лексико-стилістичний аналіз англомовного тексту
2.2. Контент-аналіз емоційної складової мовлення Крістофера Корнера
Висновки.
Список використаних джерел. _0психолінгвістика, К. Корнер |
||
| 650 | _aResearch Papers | ||
| 999 |
_c285372 _d285372 |
||
| 942 | _cBK | ||